00715nam a2200205Ia 4500008004100000020001800041040001800059041000800077245008200085250001200167260008100179300002500260490002000285500003000305650003300335650003300368650002800401650005300429710002700482130821s2010 xxu gr eng  a9781576759776 aCo-BoUCMbspa00aeng00aLeadership and self-deception getting out of the boxcThe Arbinger Institute a2nd ed. aSan Francisco (California, Estados Unidos)bBerrett-Koehler Publishersc2010 axiii, 199 páginas.0 aA B-K Life Book aIncluye índice general.04aAdministración de empresas04aAdministración de personal04aÉxito en los negocios04aLiderazgovAnécdotas, chistes, sátiras, etc.2 aThe Arbinger Institute